| 000 | 00340nam a22001217a 4500 | ||
|---|---|---|---|
| 082 | _a220 PRO | ||
| 100 |
_aZAIN, ZOYA,SAIQA _971890 |
||
| 245 | _aPR-SOF-1372-DESIGN AND DEVELOPMENT OF A 5-DOF SERIAL MANIPULATOR | ||
| 260 |
_aISLAMABAD _bNUST COLLEGE OF EME _c2001 |
||
| 650 | _a DE-MECH-32 | ||
| 700 |
_aDR SAJID ULLAH _971891 |
||
| 942 | _cCR | ||
| 999 |
_c578162 _d578162 |
||